| 000 | 00789nam a22002417a 4500 | ||
|---|---|---|---|
| 001 | 6746 | ||
| 003 | FISKH | ||
| 005 | 20250523144441.0 | ||
| 008 | 250523b cb ||||| |||| 00| 0 eng d | ||
| 020 | _a9782020362832 | ||
| 040 |
_aFISKH _bFrench _cFISKH _dFISKH |
||
| 050 | _aHX311.5 .M355 | ||
| 082 | _a900 | ||
| 100 | _aMalia, Martin | ||
| 245 |
_aLa tragedie sovietique : _bHistoire du socialisme en Russie 1917-1991 / _cBy Martin Malia |
||
| 250 | _aEdition mise a jour par l'auteur | ||
| 260 |
_aParis : _bEd. du Seuil , _c1999. |
||
| 300 |
_a686 pages : _billustrations ; _c18 cm . |
||
| 520 | _aDetails the evolution of Sovietism over seventy-four years from its origins to its end in 1991. | ||
| 650 |
_aRussian History _vNon-fiction |
||
| 942 |
_2ddc _cBK _n0 |
||
| 999 |
_c6746 _d6746 |
||